Dopravcovia čakajú na prepojenie RFID a satelitnej navigácie
Podpísanie kontraktu na vynesenie štyroch satelitov európskeho navigačného systému Galileo na obežnú dráhu. Možnosť prepojenia satelitnej technológie s rádiofrekvenčnou identifikáciou (RFID). Hybridné štítky - tovar pod kontrolou. Odskúšanie prepojenia RFID a satelitnej technológie nemeckou spoločno...
Guardado en:
| Autor principal: | |
|---|---|
| Formato: | Capítulo de libro |
| Lenguaje: | eslovaco |
| Materias: | |
| Etiquetas: |
Sin Etiquetas, Sea el primero en etiquetar este registro!
|
MARC
| LEADER | 00000naa$a2200000$$$4500 | ||
|---|---|---|---|
| 001 | 0100110 | ||
| 005 | 20231108135432.2 | ||
| 041 | 0 | |a slo | |
| 044 | |a SK | ||
| 245 | 1 | 0 | |a Dopravcovia čakajú na prepojenie RFID a satelitnej navigácie |c Zdenka Adamčíková |
| 520 | |a Podpísanie kontraktu na vynesenie štyroch satelitov európskeho navigačného systému Galileo na obežnú dráhu. Možnosť prepojenia satelitnej technológie s rádiofrekvenčnou identifikáciou (RFID). Hybridné štítky - tovar pod kontrolou. Odskúšanie prepojenia RFID a satelitnej technológie nemeckou spoločnosťou. Plnohodnotné uvedenie Galilea do prevádzky predpokladané v roku 2013. Satelitné navigačné systémy vo svete. | ||
| 610 | 2 | 0 | |a satelity |
| 610 | 2 | 0 | |a technológie nové |
| 610 | 2 | 0 | |a doprava |
| 610 | 2 | 0 | |a logistika |
| 610 | 2 | 0 | |a identifikácia automatická |
| 610 | 2 | 0 | |a tovar |
| 100 | 1 | |a Adamčíková, Zdenka | |